000 00504cam a22001337a 4500
008 180718b1968 xxu||||| |||| 00| 0 eng d
082 _aB3x5461 In2
100 _aEldersveld, Samuel J.
245 _aThe citizen and the administrator in a developing democracy : an emprical study in Delhi state
_cby Samuel J.Eldersveld, V. Jagannadham and A.P. Barnabas
260 _aDelhi
_bIndian Institute of Public Administration
_c1968
300 _axii,188p.
700 _aBarnabas, A.P.
700 _aJagannadham, V.
999 _c501835
_d501835